000 00263nam a2200121Ia 4500
020 _a0-85334-993-2
082 _bWHE
100 _aWhelan, A
245 0 _aInjection moulding materials
260 _aLondon
_bApplied Science
_c1982
300 _a398p.
942 _cBK
999 _c36710
_d36710